| 000 | 00499nam a22001697a 4500 | ||
|---|---|---|---|
| 008 | 230421b |||||||| |||| 00| 0 eng d | ||
| 020 | _a90 286 0697 1 | ||
| 040 |
_aNational Science Library _cNational Science Library |
||
| 080 |
_a666.762.93(082.2) _bL7 |
||
| 245 | _aNitrogen ceramics | ||
| 260 |
_aLeyden: _bNoordhoff International Publishing, _c1977 |
||
| 300 | _axxi, 694p. | ||
| 650 | _aChemical technology | ||
| 653 | _aChemistry | ||
| 700 | _aRiley, F L (Ed.) | ||
| 942 |
_2udc _cREF |
||
| 999 |
_c21885 _d21885 |
||